Представление документа в формате MARC21

ПолеНазваниеЗначение
  Тип записи a
  Библиографический уровень m
001 Контрольный номер BIBLIOCLUB\0000727177
005 Дата корректировки 20260430154907.9
006 m o d
007 Элементы данных для физической характеристики c|||||||||||||
008 Кодируемые данные s2024 rus o rus d
020 Индекс ISBN __
a ISBN 978-5-9729-1943-7
041 Код языка издания 0_
a Код языка текста rus
084 Индекс другой классификации/Индекс ББК __
a Индекс другой классификации/Индекс ББК 24.6я73
b Номер единицы LBC/PL
2 Источник индекса rubbk
100 Автор 1_
a Автор Конюхов В. Ю.
245 Заглавие 10
a Заглавие Коллоидная химия: практикум
b Продолж. заглавия учебное пособие
c Ответственность В. Ю. Конюхов
260 Выходные данные __
a Место издания Москва, Вологда
b Издательство Инфра-Инженерия
c Дата издания 2024
300 Физическое описание __
a Объем 224 с.
b Иллюстрации/ тип воспроизводства ил., табл.
653 Ключевые слова 1_
a Ключевые слова Учебник для высшей школы
856 Электронный адрес документа 40
3 Область применения данных поля Университетская библиотека ONLINE
u URL https://biblioclub.ru/index.php?page=book&id=727177
900 Электронные ресурсы __
a Имя электронного ресурса https://img.biblioclub.ru/sm_cover/4636a52bc74136c415104b79477e9819x2mbbv3kst/cover.jpg